Statystyki dla Zwycięzcy Ekstraklasy

Kliknij tutaj aby rozwiązać quiz!

Ogólne statystyki

  • Ten quiz został rozwiązany 4 764 razy
  • Średni wynik to 9 z 16

Statystyki odpowiedzi

Ilość zwycięstwNazwa klubu% Poprawnych
11Legia Warszawa
100%
7Lech Poznań
95%
14Wisła Kraków
92%
14Górnik Zabrze
80%
13Ruch Chorzów
78%
2Śląsk Wrocław
75%
4Cracovia
74%
4Widzew Łódź
73%
1Polonia Warszawa
71%
2ŁKS Łódź
68%
2Polonia Bytom
33%
2Zagłębie Lublin
27%
1Warta Poznań
27%
2Stal Mielec
25%
1Szombierki Bytom
17%
1Garbarina Kraków
0%

Rozkład punktacji

Percentyl według liczby udzielonych odpowiedzi

Procent ludzi z każdym wynikiem

Twoja historia wyników

Nie rozwiązałeś tego quizu